000 00444nam a2200145 a 4500
001 000030627
005 20200930062422.0
008 110525nuuuuuuuumx c 000 p spa d
040 _aDO-SdBNP
_bspa
_cBNPHU
100 1 _aVendrell V., José Miguel
_933950
245 1 0 _aCuentas de mi rosario intimo :
_bpoemas /
_cJosé Miguel Vendrell V.
260 _aMéxico :
_bImprenta Didot,
_c[19--?].
300 _a152 p. :
_bretr. ;
_c19 cm.
049 _aBNPD
999 _c30119
_d30119